Disability risk models - general aspects concerning insurance policy
Guardado en:
| Autor principal: | |
|---|---|
| Otros Autores: | |
| Formato: | Capítulo de libro |
| Lenguaje: | inglés |
| Etiquetas: |
Sin Etiquetas, Sea el primero en etiquetar este registro!
|
MARC
| LEADER | 00000naa$a2200000$$$4500 | ||
|---|---|---|---|
| 001 | 0095135 | ||
| 005 | 20240502072047.5 | ||
| 041 | 0 | |a eng | |
| 044 | |a SK | ||
| 245 | 1 | 0 | |a Disability risk models - general aspects concerning insurance policy |c Lea Škrovánková, Katarína Sakálová |
| 100 | 1 | |a Škrovánková, Lea, 1954- | |
| 700 | 1 | |a Sakálová, Katarína, 1955- | |